000 01255cas a2200253 4500
001 L153746
008 110824c2010 eng u
035 _a(Sirsi) u153746
041 0 _aeng
050 _a333.33 $2 18
110 2 _aKnight Frank
_91530
245 0 0 _aShopping centre investment quarterly
_h[electronic resource]
260 _aLondon
_bKnight Frank
_c2010-
362 0 _aQ1 2010-
490 0 _aKnight Frank Shopping Centre Investment Quarterly Report
_vQ1 2010-
520 _aA quarterly report reviewing the UK shopping centre investment market. Provides a commentary on trends as well as data examining who has been buying and who has been selling shopping centres, details of key transactions, and yield and availability information.
554 _aFour per year
650 2 4 _aKNIGHT FRANK SHOPPING CENTRE INVESTMENT QUARTERLY REPORT
651 4 _aUnited Kingdom
_y
690 _aPROPERTY-COMMERCIAL PROPERTY-COMMERCIAL PROPERTY MARKET
690 _aPROPERTY-COMMERCIAL PROPERTY-COMMERCIAL PROPERTY FINANCE AND INVESTMENT
856 4 0 _uhttps://my.knightfrank.com/research/?regionid=2
_zView the report fee of charge (click on UK and Retail links in the Refine Box and then on title) at http://myknightfrank.com
942 _n0
999 _c119359
_d119359